00305nam a2200133Ia 4500008004100000041001200041082001600053100001500069245003800084260000900122300000900131650001400140700001700154221030s9999 xx 000 0 und d aEnglish a105.23bPur aB. R. Puri 0aPrinciples of Inorganic Chemistry c1986 a1156 aChemistry aL. R. Sharma